[Event "XX SuperGM"]
[Site "Linares ESP"]
[Date "2003.03.05"]
[Round "10"]
[White "Vallejo Pons, F."]
[Black "Kramnik, V."]
[Result "1/2-1/2"]
[WhiteElo "2629"]
[BlackElo "2807"]
[PlyCount "25"]
[EventDate "2003.02.22"]

1. c4 Nf6 2. Nc3 e5 3. e3 Nc6 4. a3 g6 5. d4 exd4 6. exd4 Bg7 7. Nf3 d5 8. Bg5
h6 (8... O-O 9. Nxd5 Bg4 10. Be2 Bxf3 11. Bxf3 Re8+ 12. Kf1 h6 13. Be3 Nxd5 14.
Bxd5 Qf6 15. Bxc6 Qxc6 16. Rc1 Rad8 17. d5 Qf6 18. Rc3 c6 19. Rd3 Qxb2 20. dxc6
Rxd3 21. Qxd3 Qa1+ 22. Ke2 Qxh1 23. cxb7 Qxh2 24. Qd7 Qb8 25. c5 Rd8 26. Qb5
Qe5 27. a4 Qd5 28. f3 Qa2+ {0-1 Bistric,F-Bareev,E/Bihac 1999/EXT 2000 (28).})
9. Qe2+ Kf8 10. Be3 Kg8 11. cxd5 Nxd5 12. Nxd5 Qxd5 13. Qb5 1/2-1/2

[Event "XX SuperGM"]
[Site "Linares ESP"]
[Date "2003.03.05"]
[Round "10"]
[White "Kasparov, G."]
[Black "Leko, P."]
[Result "1/2-1/2"]
[WhiteElo "2847"]
[BlackElo "2736"]
[PlyCount "66"]
[EventDate "2003.02.22"]

1. e4 c5 2. Nf3 Nc6 3. Nc3 Nf6 4. Bb5 Qc7 5. O-O Nd4 6. Re1 a6 7. Bc4 d6 (7...
e6 8. e5 d5 9. exf6 dxc4 10. Ne4 Bd7 11. d3 O-O-O 12. Nxd4 cxd4 13. fxg7 Bxg7
14. Bg5 Rdg8 15. Qh5 Bc6 16. dxc4 Be5 17. g3 Rg6 18. Bh4 f6 19. Nc5 Be8 20.
Nxe6 Qxc4 21. Rxe5 fxe5 22. Qxe5 Rxe6 23. Qxh8 Qxc2 24. Qxd4 Bc6 {
1-0 Jansa,V-Mrva,M/CSR 1992/TD (24).}) 8. Nd5 Nxd5 9. exd5 g6 10. Nxd4 cxd4 11.
d3 h6 12. b4 Bg7 13. Qe2 Bf6 14. Qf3 Kf8 15. Bb2 Qb6 16. a3 h5 17. h3 h4 18.
Qf4 Bf5 19. Rab1 Rh5 20. a4 Be5 21. Qf3 Rc8 22. a5 Qd8 23. Re2 Rc7 24. Rbe1 Qc8
25. Rxe5 (25. Bb3 Qb8) 25... dxe5 26. Rxe5 Rxc4 27. dxc4 Qxc4 28. Re2 Bxc2 29.
d6 exd6 30. Rd2 d3 31. Qxb7 Rf5 32. Qd7 f6 33. Qxd6+ Kf7 1/2-1/2

[Event "XX SuperGM"]
[Site "Linares ESP"]
[Date "2003.03.05"]
[Round "10"]
[White "Ponomariov, R."]
[Black "Radjabov, T."]
[Result "1/2-1/2"]
[WhiteElo "2734"]
[BlackElo "2624"]
[PlyCount "81"]
[EventDate "2003.02.22"]

1. e4 c5 2. Nf3 Nc6 3. Nc3 e5 4. Bc4 Be7 5. d3 d6 6. O-O Nf6 7. Ng5 O-O 8. f4
Bg4 (8... exf4 9. Bxf4 Na5 10. Qd2 Nxc4 11. dxc4 Bg4 12. Nf3 Re8 13. Qf2 Qb6
14. b3 Bh5 15. Rae1 Qc6 16. h3 Rad8 17. Nh4 Bg6 18. Nxg6 fxg6 19. Qf3 h6 20.
Nd5 Kh7 21. Bd2 Qd7 22. Nf4 g5 23. Ne2 Rf8 24. Qd3 g6 25. Nc3 Qe6 26. Nd5 Nd7
27. Nc7 Qg8 28. Bc3 Bf6 29. Bxf6 Rxf6 30. Qd5 b6 31. Qb7 Qg7 32. Qxa7 Rdf8 33.
Nb5 R8f7 34. Qc7 g4 35. hxg4 Ne5 36. Qxb6 Nxg4 37. e5 Rxf1+ {
0-1 Topalov,V-Van Wely,L/Wijk aan Zee NED 2003/The Week in Chess 428 (37).}) 9.
Qe1 exf4 10. Bxf4 Nd4 11. Qd2 Qd7 12. h3 (12. a4 h6 13. Nf3 Nxf3+ 14. gxf3 Be6
15. Kh1 Kh7 16. Bb5 Qd8 17. d4 cxd4 18. Ne2 Nh5 19. Bg3 Nxg3+ 20. hxg3 Bg5 {
1/2-1/2 Kramnik,V-Grischuk,A/Wijk aan Zee NED 2003/The Week in Chess 428 (20).}
) 12... Bh5 13. g4 (13. Kh2 b5 14. Bb3 Nxb3 15. axb3 b4 16. Ne2 d5 17. e5 Ne8
18. Nf3 Nc7 19. Bg5 f6 20. exf6 Bxf6 21. Bxf6 Rxf6 22. Nfg1 Qd6+ {
1/2-1/2 Nikolenko,O-Neverov,V/Czestochowa 1992/TD (22).}) 13... Bg6 14. Nd5 b5
15. Bb3 Bd8 16. Rae1 Nxb3 17. axb3 Nxd5 18. exd5 Bf6 19. Nf3 Rfe8 20. Qh2 Bxb2
21. Bxd6 a5 22. Be5 Bxe5 23. Rxe5 Rxe5 24. Qxe5 Re8 25. Qc3 Qd6 (25... Qxd5 26.
Qxa5 b4) 26. Kf2 b4 (26... a4) 27. Re1 f6 28. Rxe8+ Bxe8 29. Qc4 Bf7 (29... h5
$5) 30. d4 Bxd5 31. dxc5 Qd7 32. Qf4 Bxf3 33. Qxf3 Qd2+ 34. Qe2 Qf4+ 35. Kg2
Kf7 36. c6 Qd4 37. c7 Qd5+ 38. Qf3 Qc5 39. Qb7 Qxc2+ 40. Kf3 Qc3+ 41. Ke2
1/2-1/2

[Event "XX SuperGM"]
[Site "Linares ESP"]
[Date "2003.03.06"]
[Round "11"]
[White "Kramnik, V."]
[Black "Anand, V."]
[Result "1/2-1/2"]
[WhiteElo "2807"]
[BlackElo "2753"]
[PlyCount "64"]
[EventDate "2003.02.22"]

1. e4 e5 2. Nf3 Nc6 3. Bb5 a6 4. Ba4 Nf6 5. O-O b5 6. Bb3 Bb7 7. d3 Be7 8. Re1
O-O 9. Nbd2 Re8 10. c3 Bf8 11. Nf1 h6 (11... Na5 12. Bc2 d5 13. Bg5 h6 14. Bh4
dxe4 15. dxe4 Nc4 16. Qxd8 Raxd8 17. Bxf6 gxf6 18. a4 Nxb2 19. axb5 axb5 20.
Ra7 Rb8 21. Rb1 Nc4 22. Rxb5 Nd6 23. Rb4 c5 24. Rb6 Bxe4 25. Rxd6 Bxc2 26. Rxf6
{De Firmian,N-Kaidanov,G/Seattle 2002/CBM 87/1/2-1/2 (41)}) 12. Ng3 d6 (12...
d5 13. exd5 Nxd5 14. d4 Qd6 15. Ne4 Qd7 16. Bxh6 exd4 17. Bg5 Nb6 18. Qd3 Nc4
19. cxd4 N6e5 20. Nxe5 Rxe5 21. Bc2 Bxe4 22. Rxe4 Rxg5 23. Re8 f5 24. Rxa8 Qd5
25. Rxf8+ Kxf8 26. g3 Rg4 27. Rd1 {Lutikov,A-Kuzmin,A/Moscow 1982/MCD/1-0 (41)}
) (12... Na5 13. Bc2 d5 14. Qe2 c5 15. h3 g6 16. Nh2 Bg7 17. Ng4 Nxg4 18. Qxg4
Qd6 19. Qh4 Qf8 20. Bd2 dxe4 21. dxe4 Nc4 22. Bc1 b4 23. b3 Na3 24. Bxa3 bxa3
25. Rad1 a5 26. Bd3 Bc6 27. Bc4 {
Valiev,N-Seredenko,V/Riga 1975/MCD/1/2-1/2 (45)}) 13. a3 (13. a4 Ne7 14. Nh4
Qd7 15. Ngf5 Nxf5 16. Nxf5 d5 17. Qf3 Re6 18. Qg3 Kh7 19. f3 g6 20. Nh4 Bg7 21.
Bc2 d4 22. cxd4 Qxd4+ 23. Qf2 Qxf2+ 24. Kxf2 b4 25. Bb3 Re7 26. Be3 Rd7 27.
Rac1 Ne8 28. g3 a5 29. Rc5 Bf8 30. Rc2 Kg7 31. Bc4 Nd6 32. Rec1 Nxc4 33. dxc4
Rd3 34. Ng2 Bc6 35. Ra1 Rad8 36. Ke2 f5 37. exf5 gxf5 38. Ne1 Rb3 39. Ra2 e4
40. f4 Be8 41. Kf2 Bh5 42. c5 Rd1 43. Ng2 Bf7 {
0-1 Tamin,U-Micic,J/Moscow 1994/EXT 99 (43).}) 13... Na5 14. Bc2 c5 (14... c5
15. h3 $6 {DJ7 -0.02}) 15. b4 Nc6 16. d4 (16. d4 exd4 17. cxd4 Qc7 (17... cxd4
18. Nxd4 Ne5 $1 19. Bf4 Rc8 20. a4 d5) 18. d5 Ne5 19. bxc5 dxc5 $13) 16... cxd4
17. cxd4 (17. cxd4 exd4 18. Nxd4 Ne5 $15) 17... exd4 {0:48-1:09} 18. Bb2 Rc8
19. Bb3 {Time: 0:38-1:08} 19... g6 {Time 38-59} 20. h4 {tricky} (20. h4 Bg7 21.
h5 Nxh5 22. Nxh5 gxh5 23. Bd5 (23. Nxd4 Nxd4 24. Bxd4 Qg5 25. Bxg7 Qxg7 $1 26.
Bd5 Bxd5 27. Qxd5 h4 28. Qxd6 h3 29. g3 {F 0.1 J -0.47}) 23... h4 $15) 20...
Bg7 21. h5 Nxh5 22. Nxh5 gxh5 {Time 32-53} 23. Bd5 Ba8 {Time 24-52} (23... Ba8
24. Qb3 Qf6 $15) 24. Bxc6 $2 Rxc6 $6 {Time 16-46} (24... Bxc6 $142) (24... Rxc6
25. Bxd4 Rc4 26. Bxg7 Kxg7 27. Nd2 $15 (27. Nd4 $2 Bxe4 28. Rxe4 Rxe4 29. Nf5+
Kg8 30. Nxh6+ $17 (30. Nxd6 $4))) 25. Bxd4 Rc4 26. Qd3 $2 {Time 14-43} 26...
Bxd4 27. Nxd4 Qf6 28. Rad1 h4 $1 {Time 12-38} 29. a4 Rxb4 $6 (29... Qg6 $1 30.
f3 (30. axb5 Rxe4 31. Rxe4 (31. Ne2 Rcd4 $1) 31... Bxe4 32. Qh3 axb5) 30... d5
31. axb5 axb5 32. e5 (32. Nxb5 Rxb4 33. Nc3 dxe4 (33... h3 34. Re2) 34. Nxe4
Bxe4 35. fxe4 Rbxe4 36. Rxe4 Rxe4 (36... Qxe4 37. Qxe4 Rxe4 38. Kf2 Kg7 39. Kf3
Rb4 40. Rd6 f6 41. Rd8 Kg6 {Should be drawn.})) 32... Qxd3 33. Rxd3 Rxb4) 30.
axb5 axb5 {Time 10-36} 31. Qd2 Ra4 32. Nxb5 {Time 9-34} 32... Raxe4 {
Draw agreed} 1/2-1/2

[Event "XX SuperGM"]
[Site "Linares ESP"]
[Date "2003.03.06"]
[Round "11"]
[White "Leko, P."]
[Black "Ponomariov, R."]
[Result "1/2-1/2"]
[WhiteElo "2736"]
[BlackElo "2734"]
[PlyCount "61"]
[EventDate "2003.02.22"]

1. e4 c5 2. Nf3 Nc6 3. d4 cxd4 4. Nxd4 e6 5. Nc3 a6 6. g3 Qc7 (6... Bc5 7. Nxc6
bxc6 8. e5 Qb6 9. Qd2 Ne7 10. Ne4 O-O 11. Bd3 Ng6 12. f4 d6 13. exd6 f5 14.
Nxc5 Qxc5 15. Qc3 Qxd6 16. b3 a5 17. a3 Qd5 18. Rf1 Ra7 19. Bb2 c5 20. O-O-O
Qc6 21. h4 Rff7 22. h5 Ne7 23. Bc4 Nd5 24. Qe5 Qc7 25. Rxd5 exd5 26. Qe8+ Rf8
27. Bxd5+ Qf7 28. Bxf7+ Raxf7 29. Qe5 Rf6 30. h6 {
Steinitz-MacDonnell, Dundee, 1867.}) 7. Bg2 d6 8. O-O Bd7 9. a4 Nf6 10. Nxc6
Bxc6 11. a5 Be7 12. Be3 O-O ({Peter knows this position very well:} 12... Nd7
13. Na4 O-O 14. Nb6 Rae8 15. c4 Nxb6 16. Bxb6 Qc8 17. Re1 f5 18. Qd2 e5 19. Bh3
g6 20. exf5 gxf5 21. c5 Qe6 22. Bc7 dxc5 23. Rxe5 Qd7 24. Qxd7 Bxd7 25. Bg2 Bf6
26. Rxe8 Rxe8 27. Bxb7 Bb5 28. Rc1 Bg5 29. Bf4 Bxf4 30. gxf4 c4 31. Bd5+ Kg7
32. Bxc4 Rc8 33. b3 Rc5 34. Kg2 Bxc4 35. bxc4 Kf7 {
and Leko won the endgame in: Leko,P-Zvjaginsev,V 1-0, Wjik aan Zee 1995}) 13.
Re1 Nd7 14. Na4 Rae8 15. Nb6 f5 16. Nxd7 Qxd7 17. Qd3 fxe4 18. Bxe4 Bxe4 19.
Qxe4 {Leko 1.09 h - Pono 1.29 h} 19... Rf5 20. Bd4 (20. Bb6 Bf6 21. c3 {
1/2-1/2 Nunn,J-Andersson,U/Wijk aan Zee 1983/MCD (21).}) 20... Bd8 21. b4 d5
22. Qe2 Bf6 23. Rad1 Qc6 24. c3 {Leko 37 min - Pono 1.11 h} 24... Bxd4 25. cxd4
Qc3 26. Qd2 Rf3 27. Qxc3 Rxc3 28. Rc1 {
"Rook endings are always drawn." True or not, in this case?} 28... Rb3 29. Rb1
Rxb1 30. Rxb1 Rc8 31. b5 1/2-1/2

[Event "XX SuperGM"]
[Site "Linares ESP"]
[Date "2003.03.06"]
[Round "11"]
[White "Radjabov, T."]
[Black "Vallejo Pons, F."]
[Result "1/2-1/2"]
[WhiteElo "2624"]
[BlackElo "2629"]
[PlyCount "64"]
[EventDate "2003.02.22"]

1. d4 d5 2. c4 c6 3. Nc3 Nf6 4. e3 e6 5. Nf3 Nbd7 6. Bd3 dxc4 7. Bxc4 b5 8. Bd3
Bb7 9. e4 b4 10. Na4 c5 11. e5 Nd5 12. Nxc5 Nxc5 13. dxc5 Bxc5 14. O-O h6 15.
Nd2 Qc7 (15... O-O 16. Ne4 Bd4 17. Nd6 Bc6) (15... Nc3 $6 16. Qc2 Qd5 17. Nf3
Rd8 18. Ne1 $1) 16. Re1 (16. Nc4 O-O (16... O-O-O 17. Qe2 Kb8 18. Bd2 Nb6 19.
Na5 Qd7 20. Be4 Bxe4 21. Qxe4 Qd5 22. Qxd5 Rxd5 23. Bxb4 {
1/2-1/2 Staniszewski,P-Matlak,M/Bielsko Biala 1988/EXT 97 (23)}) 17. Bd2 Rfd8
18. Qg4 Kf8 19. Rac1 Nc3 20. bxc3 Rxd3 21. cxb4 Rd4 22. Qg3 Ba6 23. Nd6 Bxf1
24. Rxc5 {1-0 Shneider,A-Pulkkinen,K/Jyvaskyla 1994/EXT 97 (46)}) (16. Ne4 Be7
17. Re1 Qxe5 18. Nc5 Qc7 19. Nxb7 Qxb7 20. Qf3 Bf6 21. a3 O-O 22. Qe4 g6 23.
Bxh6 Bxb2 {1/2-1/2 Aleksandrov,A-Skudnov,S/Podolsk 1990/TD (23)}) 16... Rd8 17.
Ne4 (17. Qg4 Kf8 18. Qg3 g6 19. h4) 17... Be7 18. Qa4+ (18. Ng3 g6 19. Bd2 Kf8
20. Rc1 Qb6 21. Qe2 Kg7 22. Bc4 (22. Red1 a5 23. h3 a4 24. Bb5 Bg5 25. Bxa4 Nf4
26. Bxf4 Bxf4 27. Rc4 Bxg3 28. Rg4 Qa5 29. Rxd8 Rxd8 30. Bb5 Qxb5 31. Qxb5 Rd1+
32. Qf1 Bh2+ 33. Kxh2 Rxf1 34. Rxb4 Bd5 {
0-1 Sashikiran,K-Dreev,A/Linares 1999/CBM 68 ext (34)}) 22... Qd4 23. Bb3 h5
24. Red1 Qb6 {1/2-1/2 Epishin,V-Dreev,A/Tilburg 1994/CBM 44 (24).}) 18... Bc6
19. Bb5 Bd7 20. Bd2 O-O 21. Bxd7 Rxd7 22. Rac1 Qb7 23. Qb3 Rc8 24. h3 Rxc1 25.
Bxc1 Qc7 26. Bd2 Qxe5 27. Nc5 Qxe1+ 28. Bxe1 Bxc5 29. Bd2 Rc7 30. Kf1 Be7 31.
Ke2 Bf6 32. f4 a5 1/2-1/2

[Event "XX SuperGM"]
[Site "Linares ESP"]
[Date "2003.03.07"]
[Round "12"]
[White "Anand, V."]
[Black "Radjabov, T."]
[Result "1-0"]
[WhiteElo "2753"]
[BlackElo "2624"]
[PlyCount "66"]
[EventDate "2003.02.22"]

1. e4 c5 2. Nf3 Nc6 3. d4 cxd4 4. Nxd4 e5 5. Nb5 d6 6. N1c3 a6 7. Na3 Nf6 8.
Nc4 b5 9. Ne3 Be7 (9... b4 10. Ncd5 Nxe4 11. a3 bxa3 12. Rxa3 g6 13. c3 Bd7 14.
Nc4 Rb8 15. Be3 f5 16. Bb6 Rxb6 17. Ncxb6 Bh6 18. Bd3 O-O 19. Bxe4 fxe4 20. O-O
Be6 21. Rxa6 Qh4 22. Qe2 Nd8 23. Ra8 Kg7 24. g3 Bg4 25. gxh4 Bxe2 26. Rfa1 g5
27. Nd7 Rf5 28. Rxd8 gxh4 29. Rg8+ Kf7 30. Ra7 Rf3 31. N7f6+ Ke6 32. Re7+ Kf5
33. Ng4 Bd2 34. Nge3+ {
1-0 Anand,V-Ponomariov,R/Wijk aan Zee NED 2003/The Week in Chess 428 (34).})
10. g3 (10. Bd3 O-O 11. O-O Rb8 12. Ncd5 Nxd5 13. exd5 Na5 14. a4 b4 15. Bd2 f5
16. c3 bxc3 17. Bxc3 e4 18. Bc2 Bf6 19. g3 Bd7 20. Rb1 Nb7 {
1/2-1/2 Shirov,A-Ivanchuk,V/Wijk aan Zee NED 2003/The Week in Chess 428 (20).})
10... h5 (10... O-O 11. Bg2 Be6 12. O-O Rc8 13. Ncd5 Nd7 14. c3 Bg5 15. f4 exf4
16. gxf4 Bh6 17. a4 Re8 18. axb5 axb5 19. Ng4 Bxg4 20. Qxg4 Nc5 21. Be3 Kh8 22.
b4 Nd7 23. Bh3 Re6 24. Qf3 Rg6+ 25. Kh1 Ne7 26. Bxd7 Qxd7 27. Ra7 {
1-0 Bologan,V-Maidla,V/Riga 1995/EXT 97 (27).}) 11. Bg2 h4 12. O-O Nd4 13. Ncd5
Nxd5 14. Nxd5 Be6 15. Ne3 hxg3 16. hxg3 Qd7 17. c3 Nc6 18. Re1 Rb8 19. a4 g6
20. axb5 axb5 21. Nd5 Bd8 22. Be3 Kf8 23. b4 Kg7 24. Qd2 Bxd5 25. Qxd5 Ne7 26.
Qd2 Bb6 27. Red1 Rhc8 28. Bh6+ Kh7 29. Bg5 Ng8 30. Kh2 $1 Rc4 31. Bf1 Rxe4 $4 (
31... Rc7 32. Qxd6 Qxd6 33. Rxd6 Rxc3) 32. f3 Nf6 33. Bxf6 Re3 1-0

[Event "XX SuperGM"]
[Site "Linares ESP"]
[Date "2003.03.07"]
[Round "12"]
[White "Ponomariov, R."]
[Black "Kasparov, G."]
[Result "1/2-1/2"]
[WhiteElo "2734"]
[BlackElo "2847"]
[PlyCount "67"]
[EventDate "2003.02.22"]

1. d4 Nf6 2. c4 e6 3. Nc3 Bb4 4. e3 O-O 5. Bd3 c5 6. Nf3 Nc6 7. d5 Ne7 8. e4 d6
9. Bd2 (9. Qc2 e5 10. g3 Bxc3+ 11. Qxc3 Ne8 12. Nh4 f5 13. f4 fxe4 14. Bxe4 Nf6
15. Bc2 e4 16. b3 Nf5 17. Nxf5 Bxf5 18. Bb2 Qd7 {
0-1 Panno,O-Garcia,G/Havana 1969/MCD (40).  (40)}) 9... exd5 (9... Ng6 10. O-O
e5 11. Re1 Nh5 12. g3 Bg4 13. Be2 Nf6 14. Qc2 h6 15. a3 Bxc3 16. Bxc3 Nh7 17.
b4 b6 18. Bd2 f5 {0-1 Buckley,G-Webb,L/England 1999/CBM 73 ext (53).  (53)}) (
9... e5) 10. exd5 Bf5 11. Qc2 Qd7 12. O-O Bxd3 13. Qxd3 Qf5 14. Qxf5 Nxf5 15.
Rfe1 Rfe8 16. Rac1 h5 17. Kf1 a6 18. h3 b5 19. b3 Kf8 20. Ng5 h4 21. Re2 Rab8
22. Rce1 Rxe2 23. Kxe2 Nd7 24. f4 g6 25. Kd3 Ba5 26. Nge4 bxc4+ 27. bxc4 Bd8
28. Rb1 Rxb1 29. Nxb1 Nf6 30. Nbc3 Ke8 31. Be1 Nh5 32. Ne2 Kd7 33. Bc3 Be7 34.
Kd2 1/2-1/2

[Event "XX SuperGM"]
[Site "Linares ESP"]
[Date "2003.03.07"]
[Round "12"]
[White "Vallejo Pons, F."]
[Black "Leko, P."]
[Result "1-0"]
[WhiteElo "2629"]
[BlackElo "2736"]
[PlyCount "85"]
[EventDate "2003.02.22"]

1. Nf3 c5 2. c4 Nf6 3. Nc3 d5 4. cxd5 Nxd5 5. e4 Nb4 6. Bc4 (6. Bb5+ N8c6 7. d4
cxd4 8. a3 dxc3 9. Qxd8+ Kxd8 10. axb4 cxb2 11. Bxb2 e6 12. O-O f6 13. e5 Be7
$1 14. Rfd1+ Kc7 15. Rac1 Rd8 $1 16. Rxd8 Kxd8 17. Bxc6 bxc6 18. exf6 gxf6 $1
19. Rxc6 e5 $1 $17 {Stangl-Mihalcisin, Brno 1991}) (6. Bb5+) 6... Nd3+ (6...
Be6 7. Bxe6 Nd3+ 8. Kf1 fxe6 9. Ng5 $5 Qd7 10. Qf3 $5 Ne5 11. Qh3 Qd3+ $5 12.
Qxd3 Nxd3 13. Ke2 $5 Nf4+ 14. Kf3 $13 {Suba-Alburt, Bucarest 1978}) (6... Be6)
7. Ke2 Nf4+ (7... Nxc1+ 8. Rxc1 e6 9. d4 cxd4 10. Bb5+ $5 Nc6 11. Qxd4 Qxd4 12.
Nxd4 Bd7 13. Rhd1 $16 {Aronin-Mikenas, Leningrad 1947}) 8. Kf1 Ne6 (8... Be6 9.
Bb5+ $5 Bd7 10. d4 cxd4 11. Nxd4 Ng6 12. Be3 e6 13. Qb3 Be7 14. Rd1 $36 {
Benko-Peters, Lone Pine 1978}) 9. b4 (9. Ne5 Qd4 $5 10. Qa4+ Bd7 11. Nxd7 Qxd7
12. Bxe6 fxe6 13. Qxd7+ Kxd7 14. d3 $13 {Averbach-Bondarevski, Moscow 1946}) (
9. Ne5) 9... g6 (9... cxb4 10. Ne2 (10. Nd5 g6 (10... Nc6 11. d4 g6 12. Be3 Bg7
13. Qd2 O-O 14. Rd1 a5 15. h4 h5 16. Bh6 Kh7 17. Bxg7 Nxg7 18. Ng5+ Kg8 19. Qf4
{1/2-1/2 Piket,J-Van Wely,L/Escaldes 1998/CBM 68 (19)}) 11. Bb2 Bg7 12. Bxg7
Nxg7 13. Qc1 Nc6 14. d4 Be6 $5 15. h4 $40 {Seirawan-Peters, USA (ch) 1981})
10... Nc5 (10... Nc7 11. d4 e6 12. Bb2 (12. h4 b5 (12... Bd6 13. h5 h6 14. Rh4
Nd7 15. Bb2 Be7 16. Rh3 Nf6 17. Bd3 Bd7 18. Ne5 Bb5 $13 19. Kg1 O-O 20. Nf4 Rc8
21. Rg3 {1-0 Huebner,R-Tukmakov,V/Wijk aan Zee 1984/MCL/[Bulletin] (36)}) (
12... Nd7 $6 13. Bg5 Be7 14. Rc1 Nb6 15. Bd3 f6 16. Bf4 Na6 17. h5 O-O 18. Qb3
Bd7 19. Ng3 Kh8 20. Nh4 {1-0 Kasparov,G-Gruenberg,R/Hamburg 1985/MCL (50)}) 13.
Bd3 Bb7 14. h5 h6 15. Rh4 (15. Bb2 Be7 (15... Bd6 16. Rc1 O-O 17. Bb1 $44) (
15... Nd7 16. Rc1 Rc8 17. Rh3 $44) 16. Rh3 $44)) 12... Be7 {
0-1 Mott Smith,K-Muir,W/corr 1938/Corr 2000 (43).  (43)} (12... Nd7 13. h4 Nf6
14. Bd3 Bd7 15. h5 h6 16. Nf4 Be7 17. Qe2 a6 18. Rh3 Bd6 19. Qd2 Bxf4 20. Qxf4
Bb5 {0-1 Psakhis,L-Vaganian,R/Lvov 1984/MCL (44)})) (10... Nc6 11. d4 Nexd4 12.
Nexd4) (10... g6 11. Bb2 Bg7 12. Bxe6 Bxb2 13. Bxf7+ Kf8 (13... Kxf7 14. Qb3+
e6 15. Qxb2 Rf8 16. h4 {1-0 Kavalek,L-Zimmermann,F/Germany 1984/GER-chT (34)})
14. Bc4 Nc6 15. Rb1 Bf6 16. d4 Bg4 17. e5 {
1-0 Tabatadze,T-Putjatina,N/Ostrava 1992/EXT 97 (30)}) 11. Qc2 e6 12. d4 Ncd7
13. Bb2 Nb6 14. Bd3 Bd7 15. Rc1 {
1-0 Miles,A-Hort,V/London 1983/EXT 2001 (35).  (34)}) 10. bxc5 Bg7 11. Bxe6 {
'!?'} 11... Bxe6 12. d4 Nc6 13. Be3 Bc4+ (13... Bg4 14. Ne2 f5 15. h3 fxe4 16.
hxg4 exf3 17. gxf3 Qd7 18. Rb1 O-O-O 19. Qb3 {
1-0 Seirawan,Y-Miles,A/London 1982/MCD (41).  (40)}) 14. Kg1 Qa5 15. Rc1 O-O-O
16. Nb1 (16. h3 f5 17. e5 Rd7 18. g3 g5 19. Nxg5 Rhd8 20. Nf3 Nxe5 21. Nxe5
Bxe5 22. c6 bxc6 23. Qf3 Bxd4 24. Bxd4 {
1-0 De Mauro,J-Prystenski,A/Kellner mem corr8591 1985/Corr Nr. 1 (24).}) 16...
Qa6 17. d5 f5 18. Rxc4 (18. Nbd2 Be2 19. Qb3 Na5 20. Qb4) 18... Qxc4 19. Nbd2
Qxa2 20. dxc6 bxc6 21. g3 Rd3 22. Kg2 fxe4 23. Ng5 Rf8 24. Ngxe4 Be5 25. Re1 h5
26. h4 Rfd8 27. Qb1 Qxb1 28. Rxb1 Bc7 29. Nc4 R8d5 30. Ra1 Kb7 31. Ra4 Rd7 32.
Ng5 R3d5 33. Ne6 Rf5 34. Nd4 Rf6 35. Rb4+ Ka6 36. Rb1 Rd5 37. Nc2 Rd7 38. Nb4+
Kb5 39. Nd2 (39. Nd6+ exd6 (39... Rfxd6 40. Nd3+ Kc4 41. Ne5+ Kd5 42. cxd6 Rxd6
43. f4) (39... Bxd6 40. Nd5+ Kc4 41. Nxf6 exf6 42. cxd6 Rxd6 43. Rc1+ Kb5 44.
Bxa7) 40. Nd5+ Kc4 41. Nxf6 Re7 42. Rb7) 39... Ka4 40. Ne4 Re6 41. Nc3+ Ka5 (
41... Ka3 42. Nc2#) 42. Nc2 Ka6 43. Nd4 (43. Nd4 Rf6 44. Ne4) 1-0

[Event "XX SuperGM"]
[Site "Linares ESP"]
[Date "2003.03.08"]
[Round "13"]
[White "Kasparov, G."]
[Black "Vallejo Pons, F."]
[Result "1/2-1/2"]
[WhiteElo "2847"]
[BlackElo "2629"]
[PlyCount "79"]
[EventDate "2003.02.22"]

1. e4 c6 2. d4 d5 3. e5 Bf5 4. Nd2 h6 (4... e6 5. Nb3 Nd7 6. Nf3 Ne7 (6... a6 {
- Zvjagintsev-Sargissian, Ubedo op CBM 75}) 7. Be2 Bg4 (7... c5 $2 8. Nxc5 $16
{- Zvjagintsev-Dautov, Julian Borowski 1999 CBM 71}) 8. O-O {
- Fries Nielsen-Rasmussen, DEN-ch Nyborg 2001 CBM 83}) 5. Nb3 (5. Ngf3 e6 6.
Be2 Nd7 7. O-O Ne7 8. c3 {- Ibragimov-Kharitinov, Russian Cup 1997 CBM 62})
5... e6 6. Nf3 (6. c3 Nd7 7. Be3 {
1/2-1/2 Anand,V-Karpov,A/Bastia 2002/CBM 92/[Lukacs] (55).  (54)} (7. Nf3 Ne7
8. Be2 Ng6 9. O-O Be7 $11)) 6... Nd7 7. Be2 Ne7 8. O-O Bh7 (8... Nc8 9. Ne1 Be7
10. Nd3 O-O 11. Be3 Bh7 12. a4 a5 13. Nbc5 b6 14. Nxd7 Qxd7 15. b3 Rd8 16. Qc1
{1/2-1/2 Varga,Z-Horvath,J/Budapest 2000/EXT 2002 (42).  (41)}) 9. c3 Rc8 10.
Bd2 Ng6 11. Be3 Be7 12. Ne1 c5 13. f4 O-O 14. Nf3 c4 15. Nc1 b5 16. Qd2 a5 17.
Bd1 f5 18. Ne2 b4 19. h3 Rb8 20. g4 bxc3 21. Nxc3 Nh4 22. Rf2 Kh8 23. Ba4 Nb6
24. Bc2 Na8 25. Rb1 Nc7 26. Nxh4 Bxh4 27. Rg2 Be7 28. Qd1 Bb4 29. Ne2 a4 30.
gxf5 (30. g5) 30... exf5 31. Bxa4 Ne6 32. Bc2 (32. b3) 32... Qh4 33. Kh2 g5 34.
Qf1 g4 35. Rg1 (35. Rg3 h5 36. b3) 35... Rg8 36. Bf2 Qh5 37. Ng3 Qf7 38. Ne2
Qh5 39. Ng3 Qf7 40. Ne2 1/2-1/2